000 01051nam a22003137a 4500
001 0011732
003 KOHA_MİRAKIL
005 20260207001827.0
007 ta
008 091217b1995 tu |||grd|||#0|||0|tur |
020 _a9757368849
040 _aTR-BiSEU
_btur
_cTR-BiSEU
_erda
041 0 _atur
044 _ctu
050 _aTK7804
_b.O93 1995
100 1 _aÖzbalkan, Nuri.
245 1 _aElektrik elektronik-elektroteknik terimleri sözlüğü :
_bTürkçe - İngilizce - Fransızca - Almanca/
_cNuri Özbalkan ; Nuri Özbalkan.
264 1 _aİstanbul :
_bAlfa Yayınları
_c1995
300 _a883 sayfa
336 _ametin
_btxt
_2rdacontent
337 _aaracısız
_bn
_2rdamedia
338 _acilt
_bnc
_2rdacarrier
490 0 _aYayın no : 203 , Sözlük dizisi : 9.
500 _aDış kapak eser adı: Best dictionary: Elektrik elektronik - elektroteknik terimleri :
650 0 _aEloktronik--Sözlükler.
_928564
830 0 _aYayın no : 203 , Sözlük dizisi : 9.
_928565
907 _aSözlük
942 _2lcc
_cBK
999 _c11701
_d11701